|
|
|
|
| LEADER |
00000nas a2200000 4500 |
| 001 |
ssj0000563378 |
| 003 |
WaSeSS |
| 005 |
20200512172242.0 |
| 006 |
m d |
| 007 |
cr n |
| 008 |
760106d19542006it mr p s 0 b0ita c |
| 010 |
|
|
|a 57041374
|
| 016 |
7 |
|
|a 009226912
|2 Uk
|
| 022 |
|
|
|l 0035-6751
|y 0035-6751
|
| 035 |
|
|
|a (WaSeSS)ssj0000563378
|
| 037 |
|
|
|b Direzione e Redazione, via Teuliè 1, 20136 Milano (Italy)
|
| 040 |
|
|
|a COO
|b eng
|c COO
|d OCL
|d IUL
|d DLC
|d OCL
|d AIP
|d NST
|d HUL
|d NST
|d IUL
|d NST
|d SYS
|d OCLCQ
|d HLS
|d NYDWH
|d MYG
|d OCLCQ
|d HNK
|d OCLCQ
|d UKMGB
|d OCLCF
|d BEDGE
|d OCLCO
|d I8M
|d OCLCQ
|d WaSeSS
|
| 042 |
|
|
|a pcc
|
| 050 |
0 |
0 |
|a H7
|b .R57
|
| 082 |
0 |
4 |
|a 330/.05
|
| 210 |
0 |
|
|a Riv. int. sci. econ. commer.
|
| 222 |
|
0 |
|a Rivista internazionale di scienze economiche e commerciali
|
| 245 |
0 |
0 |
|a Rivista internazionale di scienze economiche e commerciali
|h [electronic resource].
|b International review of economics and business.
|
| 246 |
3 |
1 |
|a International review of economics and business
|
| 246 |
1 |
3 |
|a RISEC
|
| 260 |
|
|
|a Padova,
|b CEDAM.
|
| 310 |
|
|
|a Quarterly,
|b <2005>-2006
|
| 321 |
|
|
|a Monthly,
|b Jan. 1956-
|
| 321 |
|
|
|a Bimonthly,
|b Sept./Oct. 1954-Nov./Dec. 1955
|
| 362 |
0 |
|
|a anno 1-v. 53, no. 4; sett./ott. 1954-Dec. 2006.
|
| 500 |
|
|
|a Editor: Sept./Oct. 1954-1983 T. Bagiotti.
|
| 506 |
|
|
|a License restrictions may limit access.
|
| 515 |
|
|
|a Some issues combined.
|
| 650 |
|
0 |
|a Economics
|v Periodicals.
|
| 650 |
|
7 |
|a Affaires.
|2 eclas
|
| 650 |
|
7 |
|a Economie internationale.
|2 eclas
|
| 650 |
|
7 |
|a Publications périodiques.
|2 eclas
|
| 650 |
|
7 |
|a Science économique.
|2 eclas
|
| 650 |
|
7 |
|a Economics.
|2 fast
|0 (OCoLC)fst00902116
|
| 650 |
|
7 |
|a ECONOMICS.
|2 unbist
|
| 650 |
|
7 |
|a INTERNATIONAL TRADE.
|2 unbist
|
| 655 |
|
0 |
|a Electronic journals.
|
| 700 |
1 |
|
|a Bagiotti, Tullio.
|
| 785 |
0 |
0 |
|t International review of economics
|x 1865-1704
|w (DLC) 2008242261
|w (OCoLC)190751587
|
| 850 |
|
|
|a AAP
|a CU-Riv
|a DLC
|a IaAS
|a InU
|a MH-DJ
|a MiDW
|
| 853 |
0 |
3 |
|8 1
|a anno
|b n.
|i (year)
|j (month)
|
| 853 |
0 |
0 |
|8 2
|a v.
|b no.
|i (year)
|j (month)
|
| 856 |
4 |
0 |
|z Full text available from Research Library: 03/01/2006 to 12/31/2006
|u https://search.proquest.com/publication/54410
|
| 863 |
4 |
0 |
|8 1
|a <1>-
|i <1954>-
|x provisional
|
| 863 |
4 |
0 |
|8 2
|a <44>-
|i <1997>-
|x provisional
|